Sports Quiz

Random Sports or Basketball Quiz

NBA 3-Point Leaders (2010s) Quiz Stats

 Plays Quiz Updated Nov 8, 2019

Score 0/100 Timer 08:00
238 Plays Today
% Correct
Stephen Curry
99.4%
Stephen Curry
99.4%
Stephen Curry
99.4%
Stephen Curry
99.4%
Stephen Curry
99.4%
Stephen Curry
99.4%
Stephen Curry
99.4%
Stephen Curry
99.4%
Stephen Curry
99.4%
Klay Thompson
93.4%
Klay Thompson
93.4%
Klay Thompson
93.4%
Klay Thompson
93.4%
Klay Thompson
93.4%
Klay Thompson
93.4%
Klay Thompson
93.4%
James Harden
90.9%
James Harden
90.9%
James Harden
90.9%
James Harden
90.9%
James Harden
90.9%
James Harden
90.9%
Kevin Durant
84.3%
Kevin Durant
84.3%
Ray Allen
78.2%
Kyle Korver
68.1%
Kyle Korver
68.1%
Kyle Korver
68.1%
Damian Lillard
66%
Damian Lillard
66%
Damian Lillard
66%
Damian Lillard
66%
Damian Lillard
66%
Damian Lillard
66%
% Correct
Damian Lillard
66%
Paul George
54.6%
Paul George
54.6%
Paul George
54.6%
Paul George
54.6%
Danny Green
52.4%
Danny Green
52.4%
Gerald Green
52%
J.J. Redick
52%
J.J. Redick
52%
J.J. Redick
52%
J.J. Redick
52%
J.R. Smith
48.2%
J.R. Smith
48.2%
Randy Foye, J.R. Smith
48.2%
CJ McCollum
46.6%
Kemba Walker
45.5%
Kemba Walker
45.5%
Kemba Walker
45.5%
Mo Williams
44.7%
Kyle Lowry
44%
Kyle Lowry
44%
Kyle Lowry
44%
Bradley Beal
42.3%
Kevin Love
40.9%
Eric Gordon
38.9%
Eric Gordon
38.9%
Joe Johnson
38.2%
Isaiah Thomas
35%
Jason Kidd
31.1%
Manu Ginobili
30.3%
D'Angelo Russell
29%
Buddy Hield
27.5%
Jason Terry
27.4%
% Correct
Jamal Crawford
23.3%
Ryan Anderson
21.6%
Ryan Anderson
21.6%
Ryan Anderson
21.6%
Rashard Lewis
19.2%
Trevor Ariza
18.1%
Jason Richardson
16.4%
Joe Ingles
16.4%
Randy Foye
16.1%
Randy Foye
16.1%
Danny Granger
14.2%
Danny Granger
14.2%
Danny Granger
14.2%
Wesley Matthews
13.5%
Wesley Matthews
13.5%
Wesley Matthews
13.5%
Wesley Matthews
13.5%
Wesley Matthews
13.5%
Kevin Martin
12.3%
Danilo Gallinari
12.2%
Brandon Jennings
10.1%
Brandon Jennings
10.1%
Terrence Ross
9.4%
Steve Novak
9.1%
Channing Frye
8.4%
Channing Frye
8.4%
Robert Covington
8.1%
Aaron Brooks
7%
Wayne Ellington
6.8%
Mike Bibby
6.6%
Jose Calderon
6.6%
Dorell Wright
5.1%

You're not logged in!

Compare scores with friends on all Sporcle quizzes.
OR
Log In

Sporcle TV

Today on Sporcle TV


Watch our educational content, quiz creation guides, and fun videos on Sporcle TV.

Show Comments

Extras

Top Quizzes Today


Score Distribution

Your Account Isn't Verified!

In order to create a playlist on Sporcle, you need to verify the email address you used during registration. Go to your Sporcle Settings to finish the process.

Report this User

Report this user for behavior that violates our Community Guidelines.

Details: